000 00495nam a2200181Ia 4500
008 240729s9999 xx 000 0 und d
022 _a1464-5033
245 0 _aAnnals of Human Biology
260 _aUnited Kingdom
260 _bTaylor & Francis Group
650 _a Biology (General) | Science
650 _a Human anatomy | Science
650 _a Physiology
650 _aScience
856 _uhttps://doaj.org/toc/7b46ea126a8249beae2b15aac52ebae9
942 _2ddc
942 _cDOAJEJ
999 _c69057
_d69057
945 _a1
_bMadushi Gamage
_c1
_dMadushi Gamage